[Event "GER-ch Net blitz qual5"]
[Site "Playchess.com INT"]
[Date "2020.03.28"]
[Round "3"]
[White "Lange, Stephan"]
[Black "Mohammadi Nia, Borna"]
[Result "0-1"]
[WhiteElo "2110"]
[BlackElo "2133"]
[PlyCount "58"]
[EventDate "2020.03.28"]
[EventType "swiss (blitz)"]
[EventRounds "13"]
[EventCountry "GER"]
[SourceTitle "CBM 195 Extra"]
[Source "ChessBase"]
[SourceDate "2020.05.31"]
[SourceVersion "1"]
[SourceVersionDate "2020.05.31"]
[SourceQuality "1"]

1. g3 g6 2. Nh3 Bg7 3. Bg2 d5 4. f3 c5 5. Nf2 Nc6 6. e3 e5 7. d3 Nge7 8. c3 Be6 9. 0-0 0-0 10. Na3 Qb6 11. Nc2 a5 12. Qe2 a4 13. Rd1 a3 14. Nxa3 e4 15. fxe4 Rxa3 16. exd5 Nxd5 17. e4 Nxc3 18. bxc3 Rxc3 19. Bb2 Nd4 20. Qd2 Rc2 21. Rab1 Rxd2 22. Rxd2 Qa5 23. Rbd1 Bxa2 24. Bc1 Nb3 25. Re2 Bd4 26. Be3 Qa4 27. Rde1 Bxe3 28. Rxe3 Nd4 29. Bf1 Nc2 0-1

[Event "GER-ch Net blitz qual4"]
[Site "Playchess.com INT"]
[Date "2020.03.23"]
[Round "4"]
[White "Buchenau, Frank"]
[Black "Lange, Stephan"]
[Result "1/2-1/2"]
[WhiteElo "2272"]
[BlackElo "2110"]
[PlyCount "109"]
[EventDate "2020.03.23"]
[EventType "swiss (blitz)"]
[EventRounds "9"]
[EventCountry "GER"]
[SourceTitle "CBM 195 Extra"]
[Source "ChessBase"]
[SourceDate "2020.05.31"]
[SourceVersion "1"]
[SourceVersionDate "2020.05.31"]
[SourceQuality "1"]

1. e4 g6 2. d4 Bg7 3. Nc3 c6 4. Nf3 d6 5. Be2 Nh6 6. 0-0 e6 7. Bg5 f6 8. Bf4 Nf7 9. Re1 0-0 10. a4 Qe7 11. a5 e5 12. Be3 Rd8 13. Bc4 Na6 14. Qe2 Nc7 15. b4 Be6 16. Rad1 d5 17. Bb3 Qxb4 18. exd5 cxd5 19. Bd2 Qd6 20. dxe5 fxe5 21. Ng5 Nxg5 22. Bxg5 Rf8 23. Ne4 Qc6 24. Nd2 Rae8 25. c4 d4 26. Ne4 Bf5 27. f3 Bxe4 28. Qxe4 Qxe4 29. Rxe4 h6 30. Bd2 Kh8 31. Bb4 Rf5 32. Bd6 Ne6 33. c5 Ng5 34. Bd5 Nxe4 35. fxe4 Rf4 36. Bxb7 Bf8 37. Bxf8 Rfxf8 38. c6 Re7 39. a6 Rc7 40. Rf1 Rxf1+ 41. Kxf1 Kg7 42. Ke2 Kf6 43. h4 Ke6 44. Kd3 Kd6 45. Kc4 d3 46. Kxd3 Kc5 47. Ke3 Kc4 48. g4 g5 49. hxg5 hxg5 50. Ba8 Kc3 51. Bb7 Kc4 52. Ba8 Kc3 53. Bb7 Rh7 54. Bc8 Rc7 55. Bb7 1/2-1/2

[Event "GER-ch Net blitz qual4"]
[Site "Playchess.com INT"]
[Date "2020.03.23"]
[Round "7"]
[White "Lange, Stephan"]
[Black "Muse, Drazen"]
[Result "1/2-1/2"]
[WhiteElo "2110"]
[BlackElo "2339"]
[PlyCount "53"]
[EventDate "2020.03.23"]
[EventType "swiss (blitz)"]
[EventRounds "9"]
[EventCountry "GER"]
[SourceTitle "CBM 195 Extra"]
[Source "ChessBase"]
[SourceDate "2020.05.31"]
[SourceVersion "1"]
[SourceVersionDate "2020.05.31"]
[SourceQuality "1"]

1. g3 d5 2. Nh3 e5 3. Bg2 Nc6 4. c3 h5 5. d4 e4 6. f3 h4 7. g4 f5 8. Nf2 h3 9. Bxh3 Rxh3 10. Nxh3 Qh4+ 11. Nf2 fxg4 12. fxe4 dxe4 13. Bf4 Bd6 14. Qd2 Nf6 15. Bxd6 cxd6 16. Qf4 Bd7 17. Qg3 Qh6 18. Na3 e3 19. Nd3 Ne4 20. Qg2 Qh4+ 21. Kd1 Bf5 22. Nc4 0-0-0 23. Nxe3 g6 24. Nxf5 gxf5 25. Kc2 Qh6 26. Rad1 Ne7 27. c4 1/2-1/2

[Event "GER-ch Net blitz qual4"]
[Site "Playchess.com INT"]
[Date "2020.03.23"]
[Round "2"]
[White "Lange, Stephan"]
[Black "Perkampus, Laurin"]
[Result "1-0"]
[WhiteElo "2110"]
[BlackElo "2086"]
[PlyCount "85"]
[EventDate "2020.03.23"]
[EventType "swiss (blitz)"]
[EventRounds "9"]
[EventCountry "GER"]
[SourceTitle "CBM 195 Extra"]
[Source "ChessBase"]
[SourceDate "2020.05.31"]
[SourceVersion "1"]
[SourceVersionDate "2020.05.31"]
[SourceQuality "1"]

1. g3 c5 2. Nh3 Nc6 3. Bg2 g6 4. d3 Bg7 5. c3 d5 6. f3 Nf6 7. Nf2 0-0 8. e4 dxe4 9. dxe4 Qc7 10. 0-0 Rd8 11. Qe2 a6 12. Be3 b6 13. Na3 Bb7 14. Rfd1 e5 15. Nc2 Nd7 16. Bh3 Nf8 17. Rxd8 Rxd8 18. Rd1 Rd6 19. Rxd6 Qxd6 20. Qd1 Qe7 21. Qd2 Na5 22. b3 f5 23. Bf1 fxe4 24. fxe4 Ne6 25. Bh3 Bf6 26. Ne1 Ng5 27. Bg2 Qf7 28. Bxg5 Bxg5 29. Qxg5 Nc6 30. Qd2 b5 31. Qe2 c4 32. b4 a5 33. a3 axb4 34. axb4 Qd7 35. Bh3 Qd8 36. Qd1 Qa8 37. Qd5+ Kg7 38. Qd7+ Kh8 39. Nf3 Qa1+ 40. Kg2 Nxb4 41. Qe8+ Kg7 42. Qe7+ Kh8 43. Qf8# 1-0

[Event "GER-ch Net blitz qual4"]
[Site "Playchess.com INT"]
[Date "2020.03.23"]
[Round "5"]
[White "Muse, Mladen"]
[Black "Lange, Stephan"]
[Result "1/2-1/2"]
[WhiteElo "2389"]
[BlackElo "2110"]
[PlyCount "138"]
[EventDate "2020.03.23"]
[EventType "swiss (blitz)"]
[EventRounds "9"]
[EventCountry "GER"]
[SourceTitle "CBM 195 Extra"]
[Source "ChessBase"]
[SourceDate "2020.05.31"]
[SourceVersion "1"]
[SourceVersionDate "2020.05.31"]
[SourceQuality "1"]

1. Nf3 g6 2. e4 Bg7 3. d4 d6 4. Bc4 c6 5. Bb3 Nh6 6. 0-0 e6 7. c3 f6 8. Re1 Nf7 9. Nbd2 0-0 10. Nf1 Qe7 11. Ng3 Na6 12. a4 Nc7 13. a5 e5 14. Bc2 Be6 15. b3 Rfd8 16. Qe2 Qe8 17. Rd1 Qe7 18. Ba3 Qe8 19. c4 Bc8 20. d5 c5 21. b4 b6 22. axb6 axb6 23. bxc5 bxc5 24. Bb2 Bd7 25. Bc3 Rxa1 26. Rxa1 Ra8 27. Qd1 Rxa1 28. Qxa1 Qa8 29. Qxa8+ Nxa8 30. Ba5 Bf8 31. Ne2 Be7 32. Nc3 Bd8 33. Bxd8 Nxd8 34. Ba4 Bc8 35. Nd2 Nb6 36. Bb5 Kf8 37. Kf1 Ke7 38. Ke2 Nf7 39. Kd3 Ng5 40. Nb3 Nf7 41. Na5 Kd8 42. Nc6+ Kc7 43. Ne7 Bd7 44. Ng8 f5 45. f3 h6 46. Ne7 fxe4+ 47. Nxe4 Bf5 48. g4 Bxe4+ 49. Kxe4 Nh8 50. Ng8 Nf7 51. Ne7 Nh8 52. h4 Kd8 53. Ng8 Nf7 54. Ke3 Nc8 55. Nf6 Nb6 56. Kd3 Ke7 57. Ne4 Nd8 58. Ng3 Kf6 59. h5 gxh5 60. Nxh5+ Kg5 61. Ke3 Nf7 62. Ng3 Kf6 63. Ne4+ Ke7 64. Ng3 Kf6 65. Ne4+ Ke7 66. Kf2 Ng5 67. Ng3 Nf7 68. Nf5+ Kf6 69. Ke3 h5 1/2-1/2

[Event "GER-ch Net blitz qual4"]
[Site "Playchess.com INT"]
[Date "2020.03.23"]
[Round "8"]
[White "Namyslo, Holger"]
[Black "Lange, Stephan"]
[Result "0-1"]
[WhiteElo "2290"]
[BlackElo "2110"]
[PlyCount "134"]
[EventDate "2020.03.23"]
[EventType "swiss (blitz)"]
[EventRounds "9"]
[EventCountry "GER"]
[SourceTitle "CBM 195 Extra"]
[Source "ChessBase"]
[SourceDate "2020.05.31"]
[SourceVersion "1"]
[SourceVersionDate "2020.05.31"]
[SourceQuality "1"]

1. e4 g6 2. d4 Bg7 3. Nf3 d6 4. Bc4 c6 5. Bb3 Nh6 6. 0-0 e6 7. Qe2 f6 8. Re1 Nf7 9. Nbd2 0-0 10. Nf1 b6 11. Ng3 Qe7 12. Bd2 Ba6 13. Bc4 Bb7 14. Bb3 Na6 15. c3 Nc7 16. Rad1 Rad8 17. Bc1 Ba6 18. Bc4 Bb7 19. a4 Rfe8 20. h4 Qd7 21. h5 g5 22. Nh2 h6 23. Ng4 f5 24. Nh2 d5 25. Bb3 Ba6 26. Qc2 fxe4 27. f3 exf3 28. Nxf3 Rf8 29. Qg6 Nh8 30. Qc2 Ne8 31. Ne5 Qc7 32. Re3 Nd6 33. Rde1 Rde8 34. Ng6 Nxg6 35. Qxg6 Rf6 36. Qc2 Nf7 37. Ba2 Kf8 38. Bb1 Nd6 39. Qh7 Re7 40. b4 Bc4 41. Bd2 a6 42. Kh2 Ne4 43. Bxe4 dxe4 44. Rxe4 Bd5 45. R4e3 Ref7 46. Kh3 Qd7 47. Qd3 e5+ 48. Kh2 e4 49. Qxa6 Re7 50. Qxb6 Rfe6 51. Qb8+ Re8 52. Qb6 Kg8 53. Nf5 Bf8 54. Rf1 Rf6 55. Ng3 Rxf1 56. Nxf1 Bd6+ 57. Kg1 Qg4 58. Re1 Qxh5 59. c4 Bxc4 60. Qxc6 Bxf1 61. Rxf1 e3 62. Bxe3 Qh2+ 63. Kf2 Qg3+ 64. Ke2 Qxe3+ 65. Kd1 Qe2+ 66. Kc1 Qxf1+ 67. Kb2 Qf2+ 0-1